| 000 | 00837nam a2200217 i 4500 | ||
|---|---|---|---|
| 001 | bg | ||
| 100 | 1 | _aMIKULIK, Jerzy | |
| 245 | 1 | 0 |
_aModelowanie indukcyjnych silników liniowych z uzwojoną częścią wtórną / _cJerzy Mikulik. |
| 260 |
_aKraków : _bPK, _c1996. |
||
| 300 |
_a229 s. : _brys., wykr. ; _c24 cm. |
||
| 490 | 1 |
_aMonografia / Politechnika Krakowska im. Tadeusza Kościuszki. Inżynieria Elektryczna, _x0860-097X ; _v211 |
|
| 504 | _aBibliogr. s. 211-222. - Rez., summ. | ||
| 650 | 9 |
_aModele matematyczne _xstosowanie _xtechnika |
|
| 650 | 9 |
_aSilniki asynchroniczne _xbadanie _xmetody |
|
| 830 | 0 |
_aMonografia (Politechnika Krakowska im. Tadeusza Kościuszki). _pInżynieria Elektryczna |
|
| 040 | _cBPK | ||
| 041 | 0 |
_apl _benru |
|
| 080 | _a621.313:621.314 | ||
| 942 | _cKS | ||
| 008 | s pl f |000 0 pol | ||
| 999 |
_c31579 _d31579 |
||
| 856 |
_uhttp://koha.tu.koszalin.pl/cgi-bin/koha/opac-detail.pl?biblionumber=31579 _yKatalog online BPK |
||